[Event "Gibraltar ChallWk1 13th"]
[Site "Gibraltar"]
[Date "2015.01.28"]
[Round "3.30"]
[White "Algars, Olle"]
[Black "Machlik, Monika"]
[Result "1/2-1/2"]
[WhiteElo "1960"]
[BlackElo "2015"]
[PlyCount "78"]
[EventDate "2015.01.26"]
[EventType "swiss"]
[EventRounds "5"]
[EventCountry "GGB"]
[SourceTitle "BritBase"]
[Source "www.saund.co.uk"]
[SourceDate "2018.02.10"]
[SourceVersion "1"]
[SourceVersionDate "2018.02.10"]
[SourceQuality "1"]

1. Nf3 Nf6 2. c4 e6 3. g3 a6 4. Bg2 b5 5. O-O c5 6. b3 Bb7 7. Bb2 Be7 8. Qc2
Nc6 9. d3 O-O 10. Nbd2 Qb6 11. Ne4 Nxe4 12. dxe4 d5 13. exd5 exd5 14. cxd5 Nb4
15. Qf5 Nxd5 16. e4 Nf6 17. e5 Bc8 18. Qc2 Nd5 19. Nd2 Bb7 20. Ne4 Rac8 21. h4
h6 22. Rfd1 Rfd8 23. Qe2 Rc7 24. Kh2 Bf8 25. Rac1 Rcc8 26. f4 Nb4 27. a3 Nc6
28. Bh3 Rxd1 29. Rxd1 Rd8 30. Nd6 Nd4 31. Bxd4 cxd4 32. Nxb7 Qxb7 33. e6 fxe6
34. Qxe6+ Kh8 35. Bf5 Rd6 36. Qe8 Rf6 37. Be4 Qe7 38. Qxe7 Bxe7 39. b4 Rd6
1/2-1/2

[Event "Gibraltar ChallWk1 13th"]
[Site "Gibraltar"]
[Date "2015.01.28"]
[Round "3.31"]
[White "Isherwood, Paul"]
[Black "Lochte, Szilvia"]
[Result "0-1"]
[WhiteElo "2002"]
[BlackElo "1934"]
[PlyCount "69"]
[EventDate "2015.01.26"]
[EventType "swiss"]
[EventRounds "5"]
[EventCountry "GGB"]
[SourceTitle "BritBase"]
[Source "www.saund.co.uk"]
[SourceDate "2018.02.10"]
[SourceVersion "1"]
[SourceVersionDate "2018.02.10"]
[SourceQuality "1"]

1. e4 c5 2. Nf3 e6 3. c3 d5 4. exd5 Qxd5 5. d4 Nf6 6. Na3 a6 7. Nc4 Qd8 8. Be3
cxd4 9. Bxd4 Nd5 10. Nfe5 Nc6 11. Nxc6 bxc6 12. Ne5 Qc7 13. Qa4 Bb7 14. Nf3 f6
15. Bc4 Bd6 16. O-O O-O 17. b4 Kh8 18. Qb3 e5 19. Bc5 Bxc5 20. bxc5 a5 21. Rfd1
a4 22. Qc2 Qa5 23. Bd3 Qxc5 24. Rac1 g6 25. Qd2 Qe7 26. Re1 Rfd8 27. Qc2 Nf4
28. Bf1 c5 29. Re3 Qe6 30. Rb1 Bd5 31. c4 Bc6 32. Qc3 Kg8 33. Rbe1 Rd7 34. h3
Rad8 35. Re4 0-1

[Event "Gibraltar ChallWk1 13th"]
[Site "Gibraltar"]
[Date "2015.01.28"]
[Round "3.32"]
[White "Odeh, Kenneth"]
[Black "Burke, Mitchell R"]
[Result "1-0"]
[WhiteElo "1982"]
[BlackElo "1928"]
[PlyCount "63"]
[EventDate "2015.01.26"]
[EventType "swiss"]
[EventRounds "5"]
[EventCountry "GGB"]
[SourceTitle "BritBase"]
[Source "www.saund.co.uk"]
[SourceDate "2018.02.10"]
[SourceVersion "1"]
[SourceVersionDate "2018.02.10"]
[SourceQuality "1"]

1. e4 c5 2. Nc3 g6 3. g3 Bg7 4. Bg2 Nc6 5. Nge2 d6 6. d3 e6 7. Be3 Nge7 8. Qd2
Rb8 9. Bh6 O-O 10. h4 Bxh6 11. Qxh6 f6 12. Qd2 b5 13. h5 b4 14. Nd1 Nd4 15.
hxg6 Nxg6 16. f4 Nxe2 17. Qxe2 Qe7 18. Ne3 Qg7 19. O-O-O a5 20. Rh5 Rf7 21. Ng4
Re7 22. Rdh1 Qf8 23. Nh6+ Kh8 24. Qg4 Rg7 25. Qh3 Qe7 26. Ng4 a4 27. Kd2 a3 28.
b3 Kg8 29. Rh6 Bb7 30. Rxh7 f5 31. Rh8+ Kf7 32. Nh6+ 1-0

[Event "Gibraltar ChallWk1 13th"]
[Site "Gibraltar"]
[Date "2015.01.28"]
[Round "3.33"]
[White "Baliuniene, Margarita"]
[Black "Holleland, Sigve"]
[Result "0-1"]
[WhiteElo "1946"]
[BlackElo "2116"]
[PlyCount "74"]
[EventDate "2015.01.26"]
[EventType "swiss"]
[EventRounds "5"]
[EventCountry "GGB"]
[SourceTitle "BritBase"]
[Source "www.saund.co.uk"]
[SourceDate "2018.02.10"]
[SourceVersion "1"]
[SourceVersionDate "2018.02.10"]
[SourceQuality "1"]

1. d4 d5 2. c4 dxc4 3. e3 e5 4. Bxc4 exd4 5. exd4 Bb4+ 6. Nc3 Nc6 7. Nge2 Bd7
8. O-O Nge7 9. Bg5 h6 10. Bh4 O-O 11. f4 Qc8 12. a3 Nf5 13. Bf2 Ba5 14. b4 Bb6
15. Nd5 Nce7 16. Nxb6 cxb6 17. Rc1 Qe8 18. Re1 Bb5 19. Bb3 Rc8 20. Nc3 Bc4 21.
d5 Qd7 22. g3 Rfd8 23. Bxc4 Rxc4 24. Qd3 Rdc8 25. Red1 Nd6 26. Ne2 Rxc1 27.
Nxc1 Nc4 28. Ne2 Nb2 29. Qd2 Nxd1 30. Qxd1 Qxd5 31. Qb1 Qd2 32. Qe4 Rc2 33. Kf1
Qd1+ 34. Be1 Rc7 35. Qe5 Rd7 36. Qb8+ Kh7 37. Qxa7 Nd5 0-1

[Event "Gibraltar ChallWk1 13th"]
[Site "Gibraltar"]
[Date "2015.01.28"]
[Round "3.34"]
[White "Ruiz Manrique, Joaquin"]
[Black "Bryn, Askild"]
[Result "1/2-1/2"]
[WhiteElo "1945"]
[BlackElo "2074"]
[PlyCount "77"]
[EventDate "2015.01.26"]
[EventType "swiss"]
[EventRounds "5"]
[EventCountry "GGB"]
[SourceTitle "BritBase"]
[Source "www.saund.co.uk"]
[SourceDate "2018.02.10"]
[SourceVersion "1"]
[SourceVersionDate "2018.02.10"]
[SourceQuality "1"]

1. e4 d6 2. d4 Nd7 3. Nf3 c6 4. Bd3 e5 5. O-O Be7 6. dxe5 dxe5 7. Be3 Ngf6 8.
h3 O-O 9. Nc3 Qc7 10. Qe2 Re8 11. Nd2 Nf8 12. f4 exf4 13. Rxf4 Ng6 14. Rff1 Bd6
15. g4 Nd7 16. Nc4 Bc5 17. Bxc5 Nxc5 18. Qf2 Ne6 19. Ne2 b5 20. Nd6 Rf8 21. e5
Nxe5 22. Rad1 Nxd3 23. Rxd3 Qb6 24. Nf5 Qxf2+ 25. Rxf2 c5 26. Ne7+ Kh8 27. Nxc8
Raxc8 28. Rd7 Rc7 29. Rd6 Ng5 30. Rd3 Re7 31. Nf4 Re4 32. Kg2 Re7 33. h4 Ne4
34. Re2 g6 35. g5 Rfe8 36. Rde3 Re5 37. Nd3 R5e6 38. Nf4 Re5 39. Nd3 1/2-1/2

[Event "Gibraltar ChallWk1 13th"]
[Site "Gibraltar"]
[Date "2015.01.28"]
[Round "3.35"]
[White "Gostelow, David W"]
[Black "Tortolero, Cesar"]
[Result "1-0"]
[WhiteElo "2036"]
[BlackElo "1937"]
[PlyCount "129"]
[EventDate "2015.01.26"]
[EventType "swiss"]
[EventRounds "5"]
[EventCountry "GGB"]
[SourceTitle "BritBase"]
[Source "www.saund.co.uk"]
[SourceDate "2018.02.10"]
[SourceVersion "1"]
[SourceVersionDate "2018.02.10"]
[SourceQuality "1"]

1. d4 e6 2. Nf3 b6 3. Bf4 Bb7 4. e3 Nf6 5. Be2 Be7 6. h3 O-O 7. O-O Ne4 8. Nfd2
f5 9. f3 Nf6 10. c4 Nh5 11. Bh2 Bh4 12. f4 Ng3 13. Bxg3 Bxg3 14. Bf3 Nc6 15. d5
exd5 16. Bxd5+ Kh8 17. Qf3 Bh4 18. Nc3 Bf6 19. Rac1 Rb8 20. Rf2 Qe7 21. g4 Bxc3
22. Rxc3 Na5 23. gxf5 Rxf5 24. Rg2 Bxd5 25. cxd5 Qd6 26. Qg3 Rf7 27. Nf3 Qxd5
28. Ne5 Re7 29. Ng6+ hxg6 30. Qh4+ Kg8 31. Qxe7 Nc6 32. Qg5 Qxg5 33. Rxg5 Kf7
34. e4 Nd4 35. Kf2 Ne6 36. Rg4 Rh8 37. Rcg3 Rh6 38. Ke3 Nf8 39. b4 Ke6 40. Kd4
c6 41. h4 Kf7 42. Ra3 Ne6+ 43. Ke3 Rh8 44. Rxa7 Ke7 45. f5 Nf8 46. fxg6 Rh6 47.
a4 Nxg6 48. Rg2 Ne5 49. Rb7 Kd6 50. a5 bxa5 51. Rg1 Rxh4 52. bxa5 Rh6 53. Re1
Rh2 54. Ra1 Rh6 55. Rd1+ Ke6 56. a6 Rh2 57. Kf4 Rf2+ 58. Kg3 Rf6 59. Rb2 Nc4
60. Rc2 Nb6 61. Rb1 Rf7 62. a7 Rf8 63. Rc5 d6 64. Rh5 Rg8 65. Rc1 1-0

[Event "Gibraltar ChallWk1 13th"]
[Site "Gibraltar"]
[Date "2015.01.28"]
[Round "3.36"]
[White "Nwoye, Nnamdi"]
[Black "Mohnblatt, Daniel"]
[Result "1-0"]
[WhiteElo "2015"]
[BlackElo "1863"]
[PlyCount "55"]
[EventDate "2015.01.26"]
[EventType "swiss"]
[EventRounds "5"]
[EventCountry "GGB"]
[SourceTitle "BritBase"]
[Source "www.saund.co.uk"]
[SourceDate "2018.02.10"]
[SourceVersion "1"]
[SourceVersionDate "2018.02.10"]
[SourceQuality "1"]

1. c4 e5 2. g3 Nf6 3. Bg2 Nc6 4. Nc3 Bc5 5. d3 h6 6. e3 O-O 7. Nge2 Re8 8. O-O
Bf8 9. Rb1 Ne7 10. d4 exd4 11. exd4 d5 12. b3 Bf5 13. Rb2 c6 14. c5 Ng6 15. b4
b6 16. b5 Rc8 17. cxb6 Qxb6 18. a4 Ne4 19. Nxe4 Bxe4 20. Bh3 Ne7 21. Bxc8 Nxc8
22. Nc3 Bg6 23. Re1 Rxe1+ 24. Qxe1 Qxd4 25. bxc6 Be4 26. Nxe4 dxe4 27. Rb8 Nb6
28. Ba3 1-0

[Event "Gibraltar ChallWk1 13th"]
[Site "Gibraltar"]
[Date "2015.01.28"]
[Round "3.38"]
[White "Ocana, Jeremy"]
[Black "Adewole, Adeyinka"]
[Result "0-1"]
[WhiteElo "1809"]
[BlackElo "1962"]
[PlyCount "78"]
[EventDate "2015.01.26"]
[EventType "swiss"]
[EventRounds "5"]
[EventCountry "GGB"]
[SourceTitle "BritBase"]
[Source "www.saund.co.uk"]
[SourceDate "2018.02.10"]
[SourceVersion "1"]
[SourceVersionDate "2018.02.10"]
[SourceQuality "1"]

1. e4 e6 2. d4 d5 3. Nd2 b6 4. Bd3 Bb7 5. e5 Nd7 6. Ne2 c5 7. c3 Qc7 8. Nf3 g6
9. Bf4 a6 10. Rc1 b5 11. b3 c4 12. Bc2 Ba3 13. Rb1 Ne7 14. O-O a5 15. bxc4 dxc4
16. Ne1 b4 17. Bc1 Bxc1 18. Qxc1 Nd5 19. Ba4 Bc6 20. Bxc6 Qxc6 21. Nc2 Rb8 22.
Ne3 O-O 23. cxb4 Nxe3 24. fxe3 axb4 25. Qe1 c3 26. Qh4 Qa6 27. Nf4 f6 28. exf6
Rxf6 29. Qg3 Rbf8 30. Rxb4 c2 31. Rc1 Qa3 32. Qe1 g5 33. Rb7 gxf4 34. Rxc2
Qxe3+ 35. Qxe3 fxe3 36. g3 Rf1+ 37. Kg2 R8f2+ 38. Rxf2 Rxf2+ 39. Kg1 Nf6 0-1

[Event "Gibraltar ChallWk1 13th"]
[Site "Gibraltar"]
[Date "2015.01.29"]
[Round "4.1"]
[White "Longa Yauca, Javier"]
[Black "Menna Barreto, Felipe Kubiaki"]
[Result "1/2-1/2"]
[WhiteElo "2245"]
[BlackElo "2247"]
[PlyCount "85"]
[EventDate "2015.01.26"]
[EventType "swiss"]
[EventRounds "5"]
[EventCountry "GGB"]
[SourceTitle "BritBase"]
[Source "www.saund.co.uk"]
[SourceDate "2018.02.10"]
[SourceVersion "1"]
[SourceVersionDate "2018.02.10"]
[SourceQuality "1"]
[TimeControl "7200+880"]
[WhiteClock "0:03:50"]
[BlackClock "0:02:52"]

1. d4 Nf6 2. Nf3 g6 3. c4 Bg7 4. Nc3 c5 5. d5 d6 6. e4 O-O 7. Be2 e6 8. dxe6
Bxe6 9. O-O Nc6 10. Bg5 h6 11. Bf4 Re8 12. Bxd6 Qa5 13. Bf4 Rad8 14. Nd5 Rd7
15. Bd3 Bg4 16. h3 Bxf3 17. Qxf3 Nd4 18. Qd1 Qd8 19. Re1 Ne6 20. Be3 Nh7 21.
Rb1 h5 22. f4 Bd4 23. Qd2 Nf6 24. Bxd4 Nxd4 25. Qf2 Nxd5 26. cxd5 a5 27. Rbc1
b6 28. a4 Rde7 29. Rcd1 Qd7 30. b3 Qd6 31. g3 f6 32. Kg2 g5 33. fxg5 fxg5 34.
Rf1 Kg7 35. Rde1 Qe5 36. Bb5 Rd8 37. h4 g4 38. Qf4 Nf3 39. Qxe5+ Rxe5 40. Rxf3
gxf3+ 41. Kf2 Kf6 42. Re3 Ke7 43. Kxf3 1/2-1/2

[Event "Gibraltar ChallWk1 13th"]
[Site "Gibraltar"]
[Date "2015.01.29"]
[Round "4.2"]
[White "Sanchez Botella, Luis Javier"]
[Black "Vea, Odin Blikra"]
[Result "1-0"]
[WhiteElo "2246"]
[BlackElo "2242"]
[PlyCount "115"]
[EventDate "2015.01.26"]
[EventType "swiss"]
[EventRounds "5"]
[EventCountry "GGB"]
[SourceTitle "BritBase"]
[Source "www.saund.co.uk"]
[SourceDate "2018.02.10"]
[SourceVersion "1"]
[SourceVersionDate "2018.02.10"]
[SourceQuality "1"]
[TimeControl "6600+655"]
[WhiteClock "0:01:07"]
[BlackClock "0:00:14"]

1. d4 Nf6 2. Nf3 c5 3. e3 e6 4. c4 Be7 5. Nc3 b6 6. d5 d6 7. Be2 O-O 8. O-O e5
9. Nd2 Ne8 10. f4 f5 11. Qc2 Nd7 12. a3 g5 13. g3 Ng7 14. Nf3 g4 15. Ne1 e4 16.
b4 h5 17. Bb2 h4 18. Kf2 Nh5 19. Bd1 Rf7 20. Ng2 Rh7 21. Ne2 Ng7 22. Qc3 a5 23.
bxa5 bxa5 24. Ba4 Rb8 25. Bb5 Nf6 26. a4 hxg3+ 27. hxg3 Rh3 28. Rh1 Kf7 29.
Rag1 Nfh5 30. Qb3 Bd7 31. Bc3 Bxb5 32. axb5 Ra8 33. Ra1 Qh8 34. Qd1 Nf6 35. Nh4
Qh5 36. Qf1 Nd7 37. Rxh3 gxh3 38. Qxh3 Bxh4 39. gxh4 Ne8 40. Rg1 Nef6 41. Rg5
Qf3+ 42. Qxf3 exf3 43. Kxf3 a4 44. Ng3 a3 45. Nxf5 a2 46. Nxd6+ Kf8 47. Ba1 Ra3
48. Rg2 Ke7 49. Nf5+ Kf7 50. b6 Nxb6 51. Rg7+ Kf8 52. Bxf6 a1=Q 53. Bxa1 Rxa1
54. Rc7 Nxc4 55. d6 Nb6 56. Rxc5 Rd1 57. Nd4 Ke8 58. Ke4 1-0

[Event "Gibraltar ChallWk1 13th"]
[Site "Gibraltar"]
[Date "2015.01.29"]
[Round "4.3"]
[White "Perez Garcia, Alejandro"]
[Black "Urbina Perez, Juan Antonio"]
[Result "0-1"]
[WhiteElo "2207"]
[BlackElo "2221"]
[PlyCount "108"]
[EventDate "2015.01.26"]
[EventType "swiss"]
[EventRounds "5"]
[EventCountry "GGB"]
[SourceTitle "BritBase"]
[Source "www.saund.co.uk"]
[SourceDate "2018.02.10"]
[SourceVersion "1"]
[SourceVersionDate "2018.02.10"]
[SourceQuality "1"]
[TimeControl "7200+2010"]
[WhiteClock "0:00:30"]
[BlackClock "0:05:33"]

1. c4 e5 2. Nc3 Nf6 3. g3 Bb4 4. Bg2 Bxc3 5. dxc3 d6 6. e4 Nc6 7. Qe2 Be6 8.
Nf3 h6 9. Nd2 Qd7 10. h3 a6 11. a4 O-O 12. b4 Nh7 13. b5 axb5 14. cxb5 Na5 15.
g4 d5 16. exd5 Bxd5 17. Qd3 Rfd8 18. Bxd5 Qxd5 19. Qxd5 Rxd5 20. c4 Rd3 21. Ba3
Rxd2 22. Kxd2 Nb3+ 23. Kc3 Nxa1 24. Rxa1 Rxa4 25. Kb3 Ra8 26. Rd1 Nf6 27. Be7
Ne4 28. f3 Re8 29. fxe4 Rxe7 30. Rd8+ Kh7 31. c5 Kg6 32. Kc4 f6 33. Kd5 Kf7 34.
b6 g6 35. h4 cxb6 36. cxb6 f5 37. gxf5 gxf5 38. exf5 e4 39. Kc5 e3 40. Rd1 e2
41. Re1 Kf6 42. h5 Kxf5 43. Kd6 Kf6 44. Kd5 Re6 45. Kc5 Kg5 46. Kd5 Kf5 47. Kc5
Kf4 48. Kd5 Re8 49. Kd6 Kf3 50. Kc7 Kf2 51. Rxe2+ Kxe2 52. Kxb7 Kf3 53. Kc7 Kg4
54. b7 Kxh5 0-1

[Event "Gibraltar ChallWk1 13th"]
[Site "Gibraltar"]
[Date "2015.01.29"]
[Round "4.4"]
[White "Galmandakh, Badrakh"]
[Black "Burrows, Martin P"]
[Result "1-0"]
[WhiteElo "2240"]
[BlackElo "2136"]
[PlyCount "83"]
[EventDate "2015.01.26"]
[EventType "swiss"]
[EventRounds "5"]
[EventCountry "GGB"]
[SourceTitle "BritBase"]
[Source "www.saund.co.uk"]
[SourceDate "2018.02.10"]
[SourceVersion "1"]
[SourceVersionDate "2018.02.10"]
[SourceQuality "1"]
[TimeControl "6600+1000"]
[WhiteClock "0:54:33"]
[BlackClock "0:10:38"]

1. d3 c5 2. g3 g6 3. Bg2 Bg7 4. c4 Nc6 5. Nc3 Nf6 6. Nf3 d5 7. cxd5 Nxd5 8. O-O
Nxc3 9. bxc3 Bxc3 10. Rb1 O-O 11. Bh6 Bg7 12. Bxg7 Kxg7 13. Qc2 Qd6 14. Rfc1
Rb8 15. Qxc5 Qxc5 16. Rxc5 Bd7 17. Ne5 Be8 18. e3 e6 19. Bxc6 Bxc6 20. Nxc6
bxc6 21. Rxb8 Rxb8 22. Rxc6 Rb4 23. Ra6 Rb7 24. d4 h5 25. h4 Kf8 26. Kg2 Ke7
27. Kf3 Rc7 28. Kf4 Rd7 29. f3 Rb7 30. g4 hxg4 31. fxg4 Rc7 32. Kg5 Rd7 33. Ra5
Rb7 34. h5 gxh5 35. gxh5 f5 36. Kg6 Kd6 37. h6 Rb2 38. h7 Rg2+ 39. Kf6 Rh2 40.
Rxa7 Kd5 41. Kg7 Rg2+ 42. Kf8 1-0

[Event "Gibraltar ChallWk1 13th"]
[Site "Gibraltar"]
[Date "2015.01.29"]
[Round "4.5"]
[White "Nieto Asencio, Maria Del Carme"]
[Black "Byron, Alan M"]
[Result "0-1"]
[WhiteElo "1985"]
[BlackElo "2188"]
[PlyCount "116"]
[EventDate "2015.01.26"]
[EventType "swiss"]
[EventRounds "5"]
[EventCountry "GGB"]
[SourceTitle "BritBase"]
[Source "www.saund.co.uk"]
[SourceDate "2018.02.10"]
[SourceVersion "1"]
[SourceVersionDate "2018.02.10"]
[SourceQuality "1"]
[TimeControl "7200+1420"]
[WhiteClock "0:00:40"]
[BlackClock "0:02:29"]

1. d4 Nf6 2. Nf3 g6 3. Nc3 d5 4. Bf4 Bg7 5. Qd2 O-O 6. Bh6 Nc6 7. Bxg7 Kxg7 8.
Ne5 Qd6 9. Nxc6 bxc6 10. e3 Rb8 11. b3 Bf5 12. Bd3 Bxd3 13. cxd3 c5 14. dxc5
Qxc5 15. Na4 Qd6 16. Rc1 Rb5 17. f3 d4 18. O-O Rh5 19. g3 dxe3 20. Qxe3 Rd8 21.
Rfd1 Nd5 22. Qf2 Rf5 23. Nc5 Qb6 24. d4 h5 25. Re1 e6 26. Re4 Nf6 27. Qe3 Nxe4
28. fxe4 Rf6 29. Rc4 c6 30. h3 Qc7 31. e5 Rf5 32. g4 hxg4 33. hxg4 Rh8 34. gxf5
exf5 35. Rc2 Rh4 36. e6 Qe7 37. Qe5+ f6 38. Qe3 g5 39. Rh2 Rxh2 40. Kxh2 Kg6
41. Kg2 Kg7 42. a4 a5 43. Qe1 Kg6 44. Qxa5 Qd6 45. Qc3 Qd5+ 46. Kg1 Qd6 47. Qe3
Qe7 48. a5 f4 49. Qe4+ f5 50. Qxc6 g4 51. Qg2 Qd6 52. Qf2 g3 53. Qd2 f3 54. Nb7
Qd5 55. e7 f2+ 56. Kf1 Qh1+ 57. Ke2 f1=Q+ 58. Ke3 Qhf3# 0-1

[Event "Gibraltar ChallWk1 13th"]
[Site "Gibraltar"]
[Date "2015.01.29"]
[Round "4.6"]
[White "Varga, Klara"]
[Black "Verneuil, Pascal"]
[Result "1-0"]
[WhiteElo "2145"]
[BlackElo "2093"]
[PlyCount "151"]
[EventDate "2015.01.26"]
[EventType "swiss"]
[EventRounds "5"]
[EventCountry "GGB"]
[SourceTitle "BritBase"]
[Source "www.saund.co.uk"]
[SourceDate "2018.02.10"]
[SourceVersion "1"]
[SourceVersionDate "2018.02.10"]
[SourceQuality "1"]
[TimeControl "6600+755"]
[WhiteClock "0:10:08"]
[BlackClock "0:14:22"]

1. Nf3 d5 2. c4 c6 3. g3 Bg4 4. Bg2 e6 5. b3 Nd7 6. Bb2 Ngf6 7. d3 Bc5 8. O-O
O-O 9. h3 Bh5 10. Nbd2 Qe7 11. a3 a5 12. Qc2 Bd6 13. Nh4 Be5 14. e4 dxe4 15.
dxe4 Bxb2 16. Qxb2 g5 17. Nhf3 Ne8 18. e5 Bg6 19. Qd4 Ng7 20. Ne4 Bxe4 21. Qxe4
Nc5 22. Qc2 Rfd8 23. h4 gxh4 24. Nxh4 Qg5 25. Be4 Nxe4 26. Qxe4 Rd2 27. Nf3 Qh6
28. Nxd2 Qxd2 29. Rfd1 Qc3 30. Rab1 f5 31. Qf4 Qc2 32. Qg5 Rf8 33. Rbc1 Qe4 34.
Re1 Qg4 35. Qxg4 fxg4 36. Re4 h5 37. Rd4 Rf3 38. b4 Rxa3 39. bxa5 Nf5 40. Rd7
Rxa5 41. Rxb7 Ra8 42. Rd1 h4 43. gxh4 Nxh4 44. Kh2 Nf3+ 45. Kg3 Nxe5 46. Re1
Ra3+ 47. Kg2 Ra5 48. Re4 Rc5 49. Re7 Kf8 50. Rxe6 Nxc4 51. Rf4+ Kg7 52. Ree4
Nd6 53. Rxg4+ Kf6 54. Rd4 Nf5 55. Rd8 Ke7 56. Rdg8 Ke6 57. Re4+ Kd6 58. Rg6+
Kc7 59. Kh3 Rd5 60. Kg4 Nd4 61. f4 c5 62. Re7+ Rd7 63. Rxd7+ Kxd7 64. Ra6 c4
65. Ra4 Nc2 66. Kf3 Ne1+ 67. Ke2 Ng2 68. Rxc4 Ke6 69. Kf3 Kd5 70. Rc1 Nh4+ 71.
Kg4 Ng6 72. Re1 Kd6 73. Kg5 Ne7 74. f5 Nc6 75. f6 Ne5 76. Rxe5 1-0

[Event "Gibraltar ChallWk1 13th"]
[Site "Gibraltar"]
[Date "2015.01.29"]
[Round "4.7"]
[White "Kuhne, Detlev"]
[Black "Balogun, Oluwafemi"]
[Result "0-1"]
[WhiteElo "2131"]
[BlackElo "2193"]
[PlyCount "40"]
[EventDate "2015.01.26"]
[EventType "swiss"]
[EventRounds "5"]
[EventCountry "GGB"]
[SourceTitle "BritBase"]
[Source "www.saund.co.uk"]
[SourceDate "2018.02.10"]
[SourceVersion "1"]
[SourceVersionDate "2018.02.10"]
[SourceQuality "1"]
[TimeControl "6600+650"]
[WhiteClock "1:16:30"]
[BlackClock "1:01:12"]

1. c4 Nf6 2. Nc3 g6 3. Nf3 Bg7 4. g3 O-O 5. Bg2 c6 6. O-O d6 7. d3 h6 8. Rb1 a5
9. a3 Re8 10. Bd2 e5 11. Qc2 d5 12. cxd5 cxd5 13. Rfd1 Nc6 14. Nb5 Be6 15. Rbc1
d4 16. Be1 a4 17. Nd2 Ra5 18. Nd6 Qxd6 19. Nc4 Bxc4 20. Bxa5 Bb3 0-1

[Event "Gibraltar ChallWk1 13th"]
[Site "Gibraltar"]
[Date "2015.01.29"]
[Round "4.8"]
[White "Grabow, Pouelsten Holm"]
[Black "Ibarra Jerez, Juan Miguel"]
[Result "0-1"]
[WhiteElo "2134"]
[BlackElo "2238"]
[PlyCount "74"]
[EventDate "2015.01.26"]
[EventType "swiss"]
[EventRounds "5"]
[EventCountry "GGB"]
[SourceTitle "BritBase"]
[Source "www.saund.co.uk"]
[SourceDate "2018.02.10"]
[SourceVersion "1"]
[SourceVersionDate "2018.02.10"]
[SourceQuality "1"]
[TimeControl "7200+1520"]
[WhiteClock "0:03:31"]
[BlackClock "0:14:06"]

1. Nf3 g6 2. g3 Bg7 3. Bg2 c5 4. c3 Nf6 5. d4 O-O 6. O-O d6 7. Na3 cxd4 8. cxd4
Nc6 9. b3 Bf5 10. Bb2 Rc8 11. Nh4 Bd7 12. Rc1 d5 13. Nb1 Qb6 14. Nf3 a5 15. Nc3
Rfd8 16. Na4 Qa7 17. Ne5 Be8 18. e3 e6 19. f4 Nxe5 20. fxe5 Nd7 21. Nc3 Nxe5
22. dxe5 Qxe3+ 23. Kh1 Bxe5 24. Nxd5 exd5 25. Rxc8 Rxc8 26. Re1 Qxe1+ 27. Qxe1
Bxb2 28. Bf1 Bc3 29. Qe7 Bc6 30. Kg2 Re8 31. Qc7 d4+ 32. Kh3 d3 33. Bxd3 Re5
34. Bc4 Rh5+ 35. Kg4 Rf5 36. h4 Kg7 37. a4 Bg2 0-1

[Event "Gibraltar ChallWk1 13th"]
[Site "Gibraltar"]
[Date "2015.01.29"]
[Round "4.9"]
[White "Janev, Pavel"]
[Black "Osuna Vega, Enrique"]
[Result "0-1"]
[WhiteElo "2196"]
[BlackElo "2108"]
[PlyCount "128"]
[EventDate "2015.01.26"]
[EventType "swiss"]
[EventRounds "5"]
[EventCountry "GGB"]
[SourceTitle "BritBase"]
[Source "www.saund.co.uk"]
[SourceDate "2018.02.10"]
[SourceVersion "1"]
[SourceVersionDate "2018.02.10"]
[SourceQuality "1"]
[TimeControl "7200+1245"]
[WhiteClock "0:00:15"]
[BlackClock "0:00:18"]

1. e4 d6 2. d4 Nf6 3. Nc3 e5 4. Nf3 Nbd7 5. Bc4 Be7 6. a4 c6 7. O-O O-O 8. a5
Rb8 9. Re1 b5 10. axb6 axb6 11. h3 Qc7 12. Bg5 b5 13. Bb3 Nb6 14. Bxf6 Bxf6 15.
d5 b4 16. Na4 c5 17. Nxb6 Qxb6 18. Bc4 g6 19. Bd3 Bb7 20. Qe2 Ra8 21. Nd2 Bg7
22. Nc4 Qc7 23. b3 f5 24. Rxa8 Bxa8 25. Ra1 Bb7 26. Qf1 Bc8 27. Ra8 fxe4 28.
Bxe4 Bf5 29. Rxf8+ Bxf8 30. Qd3 Bc8 31. h4 Ba6 32. g3 Bxc4 33. Qxc4 Qe7 34. Qe2
Bh6 35. Qg4 Bd2 36. h5 Kg7 37. hxg6 h6 38. Kf1 Bc1 39. Ke2 Bg5 40. Qc8 Qd8 41.
Qc6 Qf6 42. f3 Qe7 43. Kd3 h5 44. Qc8 Qa7 45. Kc4 h4 46. gxh4 Bxh4 47. Kb5 Be7
48. Kc6 c4 49. bxc4 Qa4+ 50. Kb7 b3 51. Qe6 Qb4+ 52. Kc7 Qa5+ 53. Kd7 Qd8+ 54.
Kc6 Qa8+ 55. Kb5 Qe8+ 56. Kb4 b2 57. c3 Qb8+ 58. Ka3 Qa7+ 59. Kxb2 Qf2+ 60. Bc2
Qb6+ 61. Bb3 Qf2+ 62. Ka3 Qa7+ 63. Ba4 Bg5 64. Qxd6 Be7 0-1

[Event "Gibraltar ChallWk1 13th"]
[Site "Gibraltar"]
[Date "2015.01.29"]
[Round "4.10"]
[White "Daneri, Martin"]
[Black "Pena Riasco, Alexander"]
[Result "0-1"]
[WhiteElo "2123"]
[BlackElo "2181"]
[PlyCount "102"]
[EventDate "2015.01.26"]
[EventType "swiss"]
[EventRounds "5"]
[EventCountry "GGB"]
[SourceTitle "BritBase"]
[Source "www.saund.co.uk"]
[SourceDate "2018.02.10"]
[SourceVersion "1"]
[SourceVersionDate "2018.02.10"]
[SourceQuality "1"]
[TimeControl "7200+810"]
[WhiteClock "0:02:18"]
[BlackClock "0:17:33"]

1. d4 d5 2. Nf3 Nf6 3. Bf4 Bf5 4. e3 e6 5. Ne5 Nfd7 6. g4 Be4 7. f3 Nxe5 8.
Bxe5 Bg6 9. Bd3 Bd6 10. Bxg7 Qh4+ 11. Kd2 Rg8 12. Be5 Bxe5 13. dxe5 Nd7 14. Kc1
Nxe5 15. Qf1 O-O-O 16. Nd2 Kb8 17. Be2 d4 18. exd4 Rxd4 19. Nb3 Rd6 20. h3 Rgd8
21. f4 Nc6 22. a3 Be4 23. Bf3 Bxf3 24. Qxf3 Nd4 25. Nxd4 Rxd4 26. Kb1 Qf6 27.
Rf1 Rd2 28. Qb3 R8d6 29. Qe3 a6 30. Qe5 Qh4 31. Qh8+ Ka7 32. Qc3 Re2 33. Ka2
Rc6 34. Qd4+ b6 35. Rf3 Rcxc2 36. Rb3 Red2 37. Qe4 Qf2 38. Rb1 Qc5 39. Ka1 h6
40. h4 Qf2 41. h5 Rd4 42. Qh7 Rxf4 43. Qxh6 Rxg4 44. Qh8 Rh4 45. Rd1 Qg2 46. h6
Qg6 47. Rc3 Rxh6 48. Qxh6 Qxh6 49. Rxc2 Kb7 50. Rd7 Qf4 51. Re7 Qd6 0-1